<?xml version="1.0" encoding="UTF-8"?>
<record
    xmlns:xsi="http://www.w3.org/2001/XMLSchema-instance"
    xsi:schemaLocation="http://www.loc.gov/MARC21/slim http://www.loc.gov/standards/marcxml/schema/MARC21slim.xsd"
    xmlns="http://www.loc.gov/MARC21/slim">

  <leader>01970agaaa2200337   4500</leader>
  <controlfield tag="001">8291</controlfield>
  <controlfield tag="003">IT-RoPAU</controlfield>
  <controlfield tag="005">20220918181236.0</controlfield>
  <controlfield tag="007">d cvaizq</controlfield>
  <controlfield tag="008">50131s9999||||xx ||| |     ||   ||und||</controlfield>
  <datafield tag="040" ind1=" " ind2=" ">
    <subfield code="a">IT-RoPAU</subfield>
    <subfield code="c">IT-RoPAU</subfield>
  </datafield>
  <datafield tag="041" ind1=" " ind2=" ">
    <subfield code="a">ITALIANO</subfield>
  </datafield>
  <datafield tag="100" ind1=" " ind2=" ">
    <subfield code="a">Ejzenstejn Sergej Michailovic</subfield>
    <subfield code="g">Codice regista SPICS: 6988</subfield>
    <subfield code="9">43229</subfield>
  </datafield>
  <datafield tag="130" ind1=" " ind2=" ">
    <subfield code="a">QUE VIVA MEXICO!</subfield>
    <subfield code="9">43230</subfield>
  </datafield>
  <datafield tag="240" ind1=" " ind2=" ">
    <subfield code="a">QUE VIVA MEXICO!</subfield>
    <subfield code="g">T0207</subfield>
  </datafield>
  <datafield tag="245" ind1=" " ind2=" ">
    <subfield code="a">QUE VIVA MEXICO!</subfield>
    <subfield code="c">Sceneggiatura: Ejzenstejn Sergej Tisse' Edouard Alexandrov Grigori -- Diretto da: Ejzenstejn Sergej Michailovic</subfield>
    <subfield code="p">QUE VIVA MEXICO! (Rif. Codice opera principale : 48291)</subfield>
  </datafield>
  <datafield tag="246" ind1=" " ind2=" ">
    <subfield code="a">QUE VIVA MEXICO!</subfield>
  </datafield>
  <datafield tag="250" ind1=" " ind2=" ">
    <subfield code="a">Edizione Standard</subfield>
  </datafield>
  <datafield tag="260" ind1=" " ind2=" ">
    <subfield code="a">(URSS)</subfield>
    <subfield code="b">MOSFILM / Distribuzione: GENERAL VIDEO</subfield>
    <subfield code="g">"1932 (1&#xB0; ed.: 1986 ; Ed. Lingua Orig.: 1932)"</subfield>
  </datafield>
  <datafield tag="300" ind1=" " ind2=" ">
    <subfield code="a">VHS</subfield>
    <subfield code="b">sonoro, b&amp;w</subfield>
    <subfield code="c">85 minuti</subfield>
  </datafield>
  <datafield tag="508" ind1=" " ind2=" ">
    <subfield code="a">"Fotografia: Tisse' Edouard; Montaggio: Alexandrov G. Tobak ; Musica: Khatchaturian Aram; Sceneggiatura: Ejzenstejn Sergej Tisse' Edouard Alexandrov Grigori; "</subfield>
  </datafield>
  <datafield tag="511" ind1=" " ind2=" ">
    <subfield code="a">"Attori; Non; Professionisti"</subfield>
  </datafield>
  <datafield tag="520" ind1=" " ind2=" ">
    <subfield code="a">LA SCENEGGIATURA PREVEDEVA UN PROLOGO UN EPILOGO E QUATTRO EPISODI IL FILMAVREBBE DOVUTO RACCONTARE LA STORIA DEL MESSICO DALLA DITTATURA DI PORFIRIO DIAZ DEL 1900 FINO ALLE RIVOLUZIONI DEL '10-'16 MA RIMASE INCOMPIUTO ANCHE SE DUE ANNI DOPO LA MORTE DEL MATERIALE VENNE MONTATO CON IL TITOLO DI LAMPI SUL MESSICO NEL 1955 L'AMERICANO JAY LEYDA RECUPERO' PARTE DEL NEGATIVOE MONTO' CIRCA QUATTRO ORE DI PELLICOLA CHE INTITOLO' STUDI PER IL FILM MESSICANO DI EISENSTEIN</subfield>
  </datafield>
  <datafield tag="538" ind1=" " ind2=" ">
    <subfield code="a">PAL, STEREO</subfield>
  </datafield>
  <datafield tag="546" ind1=" " ind2=" ">
    <subfield code="a">ITALIANO</subfield>
  </datafield>
  <datafield tag="650" ind1=" " ind2=" ">
    <subfield code="a">DRAMMATICO</subfield>
    <subfield code="e">FILMS [VHS]</subfield>
    <subfield code="x">Codice MATERIA SPICS: 9960</subfield>
    <subfield code="9">34083</subfield>
  </datafield>
  <datafield tag="700" ind1=" " ind2=" ">
    <subfield code="a">Ejzenstejn Sergej Michailovic </subfield>
    <subfield code="e">(regista)</subfield>
    <subfield code="g">Codice regista SPICS: 6988</subfield>
    <subfield code="9">43231</subfield>
  </datafield>
  <datafield tag="700" ind1=" " ind2=" ">
    <subfield code="a">Ejzenstejn Sergej Michailovic </subfield>
    <subfield code="e">(soggetto)</subfield>
    <subfield code="g">Codice Soggetto SPICS: 6988</subfield>
    <subfield code="9">43232</subfield>
  </datafield>
  <datafield tag="700" ind1=" " ind2=" ">
    <subfield code="a">Khatchaturian Aram</subfield>
    <subfield code="e">(musica)</subfield>
    <subfield code="g">Codice Musica SPICS: 5094</subfield>
    <subfield code="9">43233</subfield>
  </datafield>
  <datafield tag="942" ind1=" " ind2=" ">
    <subfield code="c">VH</subfield>
    <subfield code="2">ddc</subfield>
  </datafield>
  <datafield tag="999" ind1=" " ind2=" ">
    <subfield code="c">105762</subfield>
    <subfield code="d">105762</subfield>
  </datafield>
  <datafield tag="952" ind1=" " ind2=" ">
    <subfield code="0">0</subfield>
    <subfield code="1">0</subfield>
    <subfield code="4">0</subfield>
    <subfield code="6">48291_000000000000000</subfield>
    <subfield code="7">1</subfield>
    <subfield code="a">SPICS</subfield>
    <subfield code="b">SPICS</subfield>
    <subfield code="d">2015-01-31</subfield>
    <subfield code="l">0</subfield>
    <subfield code="o">48291</subfield>
    <subfield code="r">2015-01-31 00:00:00</subfield>
    <subfield code="w">2015-01-31</subfield>
    <subfield code="y">VH</subfield>
    <subfield code="z">Progr. Ins.: 2092 / N.Vol.:1 / Copie: 3 / Pag.: / Copia rara: n.d. / date import: 1.2.2015 / By Epidotti, Trombetti, Vaglietti</subfield>
  </datafield>
</record>
